000 00562nam a2200217Ia 4500
003 OSt
005 20220924115031.0
006 a|||||r|||| 00| 0
007 ta
008 220923b |||||||| |||| 00| 0 san d
024 _a57407
037 _cTextual
040 _aARTS
_cARTS
_bsan
041 _2san
_asan
082 _aQ1:2x, 15H2;K7.1
245 0 _aSrautapatha
_b a vedic reader
260 _aCalcutta
_bUniversity of Calcutta
_c1967
650 _aRELIGION
942 _hQ1:2x, 15H2;K7.1
_cTEXL
_2CC
999 _c396459
_d396459